Análisis pedagógico de la docencia en educación a distancia (Record no. 187007)

MARC details
000 -CABECERA
campo de control de longitud fija 01837nab a2200265 a 4500
005 - FECHA Y HORA DE LA ÚLTIMA TRANSACCIÓN
campo de control 20210219163018.0
008 - ELEMENTOS DE LONGITUD FIJA--INFORMACIÓN GENERAL
campo de control de longitud fija 991125s1985 mx 000 0 spa u
035 ## - NÚMERO DE CONTROL DEL SISTEMA
Número de control de sistema UPN01000214907
049 ## - COLECCIÓN
Colección ART
100 1# - ASIENTO PRINCIPAL--NOMBRE PERSONAL
Nombre de persona Ruiz Méndez, María del Rocío
100 1# - ASIENTO PRINCIPAL--NOMBRE PERSONAL
Filiación rocioruizmendez@gmail.com
222 #0 - TÍTULO CLAVE
Título clave PERFILES EDUCATIVOS
245 00 - MENCIÓN DE TÍTULO
Título Análisis pedagógico de la docencia en educación a distancia
260 ## - PUBLICACIÓN, DISTRIBUCIÓN, ETC.
Lugar de publicación, distribución, etc. México
300 ## - DESCRIPCIÓN FÍSICA
Extensión 76-96
362 0# - FECHAS DE PUBLICACIÓN Y/O DESIGNACIÓN SECUENCIAL
Fecha de publicación y/o designación secuencial 2016 3a época, volumen 37, número 154, octubre-diciembre
520 3# - NOTA DE RESUMEN, ETC.
Sumario, etc. Se presentan los resultados de una investigación sobre los cambios pedagógicos que experimentaron cinco docentes y cinco coordinadores académicos de programas de educación a distancia en educación superior. Se desarrolló bajo un enfoque cualitativo, mediante el método etnográfico, con la aplicación de entrevistas semiestructuradas, la observación de algunos sistemas de gestión de aprendizaje y la aplicación de cuestionarios a estudiantes. Se observó a un profesor que se adapta al contexto de la sociedad de la información y del conocimiento, que está cambiando su metodología de enseñanza y aprendizaje, que aprende el uso de recursos web. Su práctica en educación a distancia le ha permitido desarrollar habilidades como autonomía, autogestión y para la administración del tiempo; ha comenzado a diseñar contenido digital para el acompañamiento en línea; formula otras técnicas de seguimiento y evaluación; trabaja de forma colaborativa y es promotor del uso de las TIC con los estudiantes
653 0# - TERMINO DE INDIZACION - NO CONTROLADO
Término no controlado FORMACION DOCENTE
653 0# - TERMINO DE INDIZACION - NO CONTROLADO
Término no controlado EDUCACION SUPERIOR
653 0# - TERMINO DE INDIZACION - NO CONTROLADO
Término no controlado EDUCACION A DISTANCIA
653 0# - TERMINO DE INDIZACION - NO CONTROLADO
Término no controlado TIC
653 0# - TERMINO DE INDIZACION - NO CONTROLADO
Término no controlado INNOVACION EDUCATIVA
856 4# - LOCALIZACIÓN Y ACCESO ELECTRÓNICOS
Identificador Uniforme del Recurso <a href="http://www.iisue.unam.mx/perfiles/perfiles_articulo.php?clave=2016-154-76-96">http://www.iisue.unam.mx/perfiles/perfiles_articulo.php?clave=2016-154-76-96</a>
905 ## - TIPO DE MATERIAL
Tipo de material Articulo

No items available.